El ala oeste / (Registro nro. 7416)
[ vista simple ]
| 000 -CABECERA | |
|---|---|
| Longitud fija campo de control | 00929nam a2200229Ia 4500 |
| 008 - • CÓDIGOS DE INFORMACIÓN DE LONGITUD FIJA | |
| Códigos de información de longitud fija | 161108s9999 xx 000 0 und d |
| 020 ## - • NÚMERO INTERNACIONAL NORMALIZADO PARA LIBROS | |
| Número Internacional Normalizado para Libros (ISBN) | 9788492412655 |
| 040 ## - FUENTE DE LA CATALOGACIÓN | |
| Centro catalogador de origen | CO-BoRNBP |
| Lengua de catalogación | spa |
| Normas de descripción | rda |
| Centro transcriptor | CO-BoRNBP |
| 084 ## - • Clasificación Local Alfanúmerica PNLB | |
| Número de clasificación | A GOR8 |
| 100 ## - • PUNTO DE ACCESO PRINCIPAL-NOMBRE DE PERSONA | |
| Nombre de persona | Gorey, Edward, 1925-2000 |
| 245 ## - • TITULO PROPIAMENTE DICHO | |
| Título | El ala oeste / |
| Mención de responsabilidad, etc. | Edward Gorey |
| 250 ## - • MENCIÓN DE EDICIÓN | |
| Mención de edición | Primera edición |
| 264 ## - PRODUCCIÓN, PUBLICACIÓN , DISTRIBUCIÓN, FABRICACIÓN Y COPYRIGHT | |
| Lugar de producción, publicación, distribución, fabricación | Barcelona : |
| Nombre del productor, editor, distribuidor, fabricante | Libros del Zorro Rojo |
| 300 ## - • DESCRIPCIÓN FÍSICA | |
| Extensión | [60] páginas : |
| Otras características físicas | ilustraciones en blanco y negro ; |
| Dimensiones | 14 cm |
| 336 ## - TIPO DE CONTENIDO | |
| Término de tipo de contenido | texto |
| Código de tipo de contenido | txt |
| Fuente | rdacontent |
| 337 ## - TIPO DE MEDIO | |
| Nombre del tipo de medio | sin mediación |
| Código del tipo de medio | n |
| Fuente | rdamedia |
| 338 ## - TIPO DE SOPORTE | |
| Nombre del tipo de soporte | volumen |
| Código del tipo de soporte | nc |
| Fuente | rdacarrier |
| 500 ## - • NOTA GENERAL | |
| Nota general | Título original: The west wing |
| 650 ## - • PUNTO DE ACCESO ADICIONAL DE MATERIA - TÉRMINO DE MATERIA | |
| Término de materia o nombre geográfico como elemento inicial | Literatura Estadounidense - Siglo Xx / Cuentos Estadounidenses - Siglo Xx / Autores Estadounidenses - Siglo Xx / Ilustradores Estadounidenses / Misterio - Cuento / Intriga - Cuento / Libro De Imagenes / Desde Los 12 A{Aelig}Os |
| 700 ## - • PUNTO DE ACCESO ADICIONAL - NOMBRE DE PERSONA | |
| Nombre de persona | Gorey, Edward, 1925-2000 |
| 942 ## - ENTRADA DE ELEMENTOS AGREGADOS (KOHA) | |
| Fuente de clasificaión o esquema | |
No hay ítems disponibles.